header

Visual Basic .NET programming (Record no. 95554)

MARC details
000 -LEADER
fixed length control field 01108nam a22003014a 4500
100 1# - MAIN ENTRY--AUTHOR NAME
Personal name Davis, Harold,
245 10 - TITLE STATEMENT
Title Visual Basic .NET programming
260 ## - PUBLICATION, DISTRIBUTION, ETC. (IMPRINT)
Place of publication San Francisco :
Name of publisher Sybex,
Year of publication c2002.
300 ## - PHYSICAL DESCRIPTION
Number of Pages xxiv, 516 p. :
Other physical details ill.
500 ## - GENERAL NOTE
General note Includes index.
650 #0 - SUBJECT ADDED ENTRY--TOPICAL TERM
Topical Term BASIC (Computer program language)
Topical Term Microsoft .NET.
856 40 - ELECTRONIC LOCATION AND ACCESS
Uniform Resource Identifier http://site.ebrary.com/lib/rucke/Doc?id=10152544

No items available.

© 2026 Rongo University
Contact us: librarian | system librarian | Rongo university